Central Library OPAC University of Rajshahi

The theory of order-disorder transitions in alloys : (Record no. 72124)

MARC details
000 -LEADER
fixed length control field 00926nam a2200277 a 4500
001 - CONTROL NUMBER
control field 72124
003 - CONTROL NUMBER IDENTIFIER
rucl marc code BD-RjUL
005 - DATE AND TIME OF LATEST TRANSACTION
control field 20211209082220.0
008 - FIXED-LENGTH DATA ELEMENTS--GENERAL INFORMATION
fixed length control field 170514t19561955nyu 000 0 eng d
035 ## - SYSTEM CONTROL NUMBER
System control number (BD-RjUL)72340
040 ## - CATALOGING SOURCE
Original cataloging agency OUN
Transcribing agency OUN
Modifying agency OCL
-- RCD
-- BD-RjUL
Language of cataloging eng
041 ## - LANGUAGE CODE
Language code of text/sound track or separate title eng
082 ## - DEWEY DECIMAL CLASSIFICATION NUMBER
Edition number 23
Classification number 546.3
Author mark and year MUT 1956
100 1# - MAIN ENTRY--PERSONAL NAME
Personal name Muto, Toshinosuke
Dates associated with a name 1904-
9 (RLIN) 213308
245 14 - TITLE STATEMENT
Title The theory of order-disorder transitions in alloys :
Remainder of title Order-disorder phenomena in metals /
Statement of responsibility, etc. Toshinosuke Muto and Yutaka Takagi
260 ## - PUBLICATION, DISTRIBUTION, ETC. (IMPRINT)
Place of publication, distribution, etc. New York :
Name of publisher, distributor, etc. Academic Press,
Date of publication, distribution, etc. c1955, 1956
300 ## - PHYSICAL DESCRIPTION
Pagination 169 p. :
Illustrations ill. ;
Size 21 cm.
490 1# - SERIES STATEMENT
Series statement Solid state reprints
500 ## - GENERAL NOTE
General note Originally published in Solid state physics.
504 ## - BIBLIOGRAPHY, ETC. NOTE
Bibliography, etc Includes bibliographical footnotes.
650 #0 - SUBJECT ADDED ENTRY--TOPICAL TERM
Topical term or geographic name as entry element Alloys.
9 (RLIN) 160235
Topical term or geographic name as entry element Metals.
9 (RLIN) 213309
700 1# - ADDED ENTRY--PERSONAL NAME
Personal name Takagi, Yutaka.
830 #0 - SERIES ADDED ENTRY--UNIFORM TITLE
Uniform title Solid state reprints.
942 ## - ADDED ENTRY ELEMENTS (KOHA)
Source of classification or shelving scheme Dewey Decimal Classification
Koha item type Books
Holdings
Lost status Source of classification or shelving scheme Damaged status Not for loan Collection code Permanent Location Current Location Shelving location Date acquired Source of acquisition Cost, normal purchase price Total Checkouts Full call number Date last seen Copy number Koha item type
  Dewey Decimal Classification   Not For Loan Non-fiction Central Library, University of Rajshahi Central Library, University of Rajshahi Reading Room 10/11/1965 Zeitlinger 32.00   546.3 MUT 1956 14/05/2017 C-1 Books